Quizzes
Events
Quiz Creation
Community
Videos
Private Events
Remove Ads
Sign In
Join for FREE
Feedback
Dark Mode
Quiz Categories
Sports
Geography
Music
Movies
Television
Just For Fun
Miscellaneous
History
Literature
Language
Science
Gaming
Entertainment
Religion
Holiday
For Kids
Quiz Lab
Recent
Popular Today
Quiz Kudos Today
Editor Picks
Curator Picks
Quizzes by...
Day
Popularity
Type
Ratings
Length
Year
Community
Subscriptions
Recent Discussions
Orange Saloon
Badges
Playlists
Quests
Create
Leaderboards
Showdown
Live 5
Trivia Bingo
Activity
Puzzle Library
Sporcle Events
Private Events
Virtual Trivia
Globe League
Become a Host
Pub Owners
SporcleCon
Opinionation
Our Games
Videos
Blog
Mobile Apps
Partnerships
Remove Ads and Go Orange
Feedback
Geography
Country
Landmarks
City
State
Population
World
Capital
Continent
Flags
Europe
Africa
Asia
South America
North America
Oceania
Border
Canada
United Kingdom
Topography
United States
Geography
Country
Landmarks
City
State
Population
World
Capital
Continent
Flags
Europe
Africa
Asia
South America
North America
Oceania
Border
Canada
United Kingdom
Topography
United States
Random Quiz
Search Sporcle
×
Quiz Lab
Quiz Lab
Geography
Country
Type in answers that appear in a list
Type in answers that appear in a list
Classic
Best Score? Go Orange.
Education Spending Stats
Can you name the top Countries by Percentage of GDP Budget spent on Education?
By
cfarrell3
8m
48 Questions
108 Plays
108 Plays
108 Plays
Comments
Comments
Give Quiz Kudos
Give Quiz Kudos
-
- Ratings
hide this ad
More Info
Replay
Link that replays current quiz
Next Quiz
Link to next quiz in quiz playlist
You Got
0%
They Got
Avg Score
43%
Avg Friend Score
Upgrade to see
Score Distribution
Jump to the score distribution portion of the page
Score
0/48
Timer
08:00
0
Plays Today
% of Budget Spent
Country
% Correct
6.98
Sweden
86.1%
6.87
Norway
85.2%
5.86
France
84.3%
6.84
Finland
83.3%
8.74
Denmark
79.6%
6.57
Belgium
75%
7.6
Iceland
72.2%
6.47
Ireland
70.4%
5.96
Netherlands
70.4%
6.3
UK
67.6%
5.89
Austria
67.6%
7.26
New Zealand
63%
5.82
Brazil
53.7%
12.86
Cuba
52.8%
5.96
South Africa
50.9%
6.91
Malta
45.4%
7.27
Cyprus
40.7%
6.15
Ukraine
40.7%
6.87
Venezuela
39.8%
6.85
Vietnam
39.8%
6.35
Jamaica
39.8%
6.27
Costa Rica
38.9%
12.98
Lesotho
36.1%
7.27
Palau
34.3%
% of Budget Spent
Country
% Correct
8.14
Ghana
33.3%
6.66
Kenya
33.3%
9.49
Botswana
32.4%
8.37
Namibia
31.5%
7.55
Tuvalu
31.5%
7.52
Barbados
31.5%
6.89
Bolivia
30.6%
12.24
Marshall Islands
29.6%
7.39
Papua New Guinea
29.6%
6.71
Federated States of Micronesia
29.6%
6.56
Belize
29.6%
7.27
Solomon Islands
28.7%
11.85
Kiribati
26.9%
8.39
Moldova
26.9%
6.82
Maldives
26.9%
6.21
Tunisia
25.9%
6.18
Tanzania
25%
7.61
Comoros
24.1%
6.22
Republic of the Congo
22.2%
9.74
East Timor
20.4%
9.48
Sao Tome and Principe
20.4%
8.41
Djibouti
20.4%
8.25
Swaziland
19.4%
6.79
Kyrgyzstan
16.7%
Quiz Playlist
Details
Report
Send in Message
Add To Playlist
More Info:
Public spending on education, total (% of GDP)
Classic:
Type in answers that appear in a list
Quiz Source
Last Updated: Feb 16, 2017
Quiz Scoreboard
CHALLENGE
Sign Up to Join the Scoreboard
Show All
Scores
Hide
Comments
May contain spoilers
Recently Published
College Basketball Coaching Resumes
by pancakes188
Sports
9m
Billboard Blitz: Fleetwood Mac
by CooCooCachoo
Music
15s
Presidents Visiting Landmarks
by Hejman
History
7m
More to Explore
Quiz From the Vault
Featured Blog Post
Where Did the Easter Bunny Come From?
hide this ad
You Might Also Like...
Tags
Country Quiz
Education
National Geography
Today's Top Quizzes in Geography
Browse Geography
hide this ad
Today's Top Quizzes in Country
Browse Country
Top Contributed Quizzes in Geography
1
Countries of the World - No Outlines Minefield
2
Top 25 Cities of France on a map
3
Any capital of a 'B' country per Continent
4
Any capital of a 'C' country per Continent
5
Closest Countries to UK A-Z
6
Any capital of a 'D' country per Continent
7
5-to-1: US Geography No Hints
8
Any capital of an 'E' country per Continent
9
Click the Alabama Counties! (Map)
10
One Thing in Common: United Kingdom
Explore More
Trending Topics
Marvel
Kpop
Anime
NBA
Harry Potter
Disney
Crossword
NFL
Song
The Office
Country
Puzzle
Soccer
Pokémon
WWE
hide this ad
More By:
cfarrell3
Quiz
Plays
Rating
Category
Featured
Created
Education Spending
108
4.71
Geography
Oct 22, 2014
Fastest 40 Yard Dash (2012 Starting QB's)
71
2.83
Sports
Mar 6, 2013
Go to Creator's Profile
Score Distribution
Quiz Creator Spotlight
cfarrell3
Follow
Send a Message
Quizzes Created
-
Created Quiz Play Count
-
More By This Creator
Popular Quizzes Today
1
Find the US States - No Outlines Minefield
2
Find the Countries of Europe - No Outlines Minefield
3
The Countries of the World
4
Find the US States
5
Risky Map Clicking: Biggest States A-Z
6
US States
7
Popular People in 1961
8
Movies - When Are They Set?
More Geography Quizzes
Geography Honeycomb II
Published
Trending Quizzes
Risky Map Clicking: Least Populous States A-Z
1-10 Letter G Words
1-10 Letter F Words
Risky Map Clicking: Next State Alphabetically
Risky Map Clicking: Biggest States A-Z
Recently Updated
Leaping Animals
pecheneg
Reality TV Shows (A-Z)
bhenderson79
Rickey Henderson's Hall of Fame Teammates
pecheneg
Champions League XIs: Arsenal
pecheneg
Quick Pick: Celebrities in WWE's Hall of Fame
aduchscher
A-Z Keypad Blitz II
pecheneg
Multiple Oscar Actors
pecheneg
Mystery Phrase Blitz: Oscar 'Best Actors'
pecheneg
F. Scott Fitzgerald Novels
LTH
Pick 3 Villains
ddd62291
Trending Topics
Marvel
Anime
Crossword
Harry Potter
Kpop
NBA
Disney
Country
Soccer
NFL
Pokémon
WWE
The Office
Song
Puzzle
Your Account Isn't Verified!
In order to create a playlist on Sporcle, you need to verify the email address you used during registration. Go to your
Sporcle Settings
to finish the process.
Report this User
Report this user for behavior that violates our
Community Guidelines
.
Details:
Send Report
Go to the Sporcle.com Mobile Site →
Comments